1717 1792 1547 1175 1447 1975 1497 1472 1143 1284 1235 1185 1135 1425 1697 1923 1007 1979 1294 1922 1384 1334 1085 1437 1603 1581 1120 1401 1902 1355 1759 1012 1993 1319 1144 1029 1136 1410 1170 1450 1568 1612 1799 1945 1839 1298 1578 1362 1301 1858 1922 1974 1250 1280 1230 1193 1763 1486 1818 1261 1730 1253 1871 1877 1296 1616 1621 1277 1973 1290 1289 1000 1288 1613 1918 1763 1434 1954 1631 1476 1565 1144 1682 1055 1980 1858 1830 1320 1345 1224 1808 1909 1003 1547 1694 1560 1115 1444 1126 BCNSPRNW ULIB Ver.6.0+V

เปลี่ยนเป็นภาษาไทย

Change to English
 แสดงรายละเอียดบรรณานุกรม
  กลับหน้าหลัก

Brief Record : Get Marc (ISO 2709) : E-mail record : QR code < ปิดหน้าต่าง
LEADER : 00000nam 2200000uu 4500
001    13399120125
003     ULIB
008    120904s2553||||th 000 0 tha d
020    ^a9742911533
020    ^a9789742911539
060 04 ^aWY150^bค127ก ล.3
245 00 ^aการพยาบาลผู้ใหญ่และผู้สูงอายุ^nเล่ม 3 /^cคณาจารย์สถาบันพระบรมราชชนก
250    ^aพิมพ์ครั้งที่ 9
260    ^aนนทบุรี :^bโครงการสวัสดิการวิชาการ สถาบันพระบรมราชชนกกระทรวงสาธารณสุข,^c2553
300    ^a394 หน้า :^bภาพประกอบ ;^c26 ซม.
650  7 ^aการพยาบาล^xในวัยชรา
650  7 ^aการพยาบาล^xในวัยผู้ใหญ่
650  7 ^aการพยาบาลผู้สูงอายุ
650  7 ^aผู้สูงอายุ^xการดูแล
710 2  ^aสถาบันพระบรมราชชนก.^bโครงการสวัสดิการวิชาการ
710 2  ^aคณาจารย์สถาบันพระบรมราชชนก
945    ^p150^l0^i19425
945    ^p150^l0^i19426
945    ^p150^l0^i19427
945    ^p150^l0^i19428
945    ^p150^l0^i19429
995    ^aกัณชพร
999 ^a ใช้งานได้ทุกระบบ
รายการนี้ยังไม่มีแท็ก
คุณยังไม่ได้ล็อกอิน คุณสามารถมีกิจกรรมร่วมกับเว็บไซต์ได้ แต่ต้องล็อกอินก่อน ::
  ล็อกอิน

รายการสื่อสารสนเทศ

ลำดับที่ ประเภท เลขเรียก/บาร์โค้ด สถานที่ สถานะ
1. วิทยาศาสตร์การแพทย์ และสุขภาพ
วิทยาศาสตร์การแพทย์ และสุขภาพ
สถานะ=หนังสือเก่า
WY150 ค127ก ล.3  
  Barcode: 19425
ห้องสมุดวิทยาเขตนครสวรรค์
►ส่วนจัดเก็บหนังสือเก่า นว.
บนชั้น
  ขอยืม
2. วิทยาศาสตร์การแพทย์ และสุขภาพ
วิทยาศาสตร์การแพทย์ และสุขภาพ
สถานะ=หนังสือเก่า
WY150 ค127ก ล.3 ฉ.2 
  Barcode: 19426
ห้องสมุดวิทยาเขตนครสวรรค์
►ส่วนจัดเก็บหนังสือเก่า นว.
บนชั้น
  ขอยืม
3. วิทยาศาสตร์การแพทย์ และสุขภาพ
วิทยาศาสตร์การแพทย์ และสุขภาพ
สถานะ=หนังสือเก่า
WY150 ค127ก ล.3 ฉ.3 
  Barcode: 19427
ห้องสมุดวิทยาเขตนครสวรรค์
►ส่วนจัดเก็บหนังสือเก่า นว.
บนชั้น
  ขอยืม
4. วิทยาศาสตร์การแพทย์ และสุขภาพ
วิทยาศาสตร์การแพทย์ และสุขภาพ
สถานะ=หนังสือเก่า
WY150 ค127ก ล.3 ฉ.4 
  Barcode: 19428
ห้องสมุดวิทยาเขตนครสวรรค์
►ส่วนจัดเก็บหนังสือเก่า นว.
บนชั้น
  ขอยืม
5. วิทยาศาสตร์การแพทย์ และสุขภาพ
วิทยาศาสตร์การแพทย์ และสุขภาพ
สถานะ=หนังสือเก่า
WY150 ค127ก ล.3 ฉ.5 
  Barcode: 19429
ห้องสมุดวิทยาเขตนครสวรรค์
►ส่วนจัดเก็บหนังสือเก่า นว.
บนชั้น
  ขอยืม

รายการใกล้เคียง
    หัวเรื่อง [การพยาบาลผู้สูงอายุ]
    หัวเรื่อง [ผู้สูงอายุ การดูแล]

BibComment


ยังไม่เคยถูกคอมเมนท์

คอมเมนท์ทรัพยากรรายการนี้
  คอมเมนท์: การพยาบาลผู้ใหญ่..


 Copyright 2026. Bcnsprnw @Library